Top 10 ZJAWISKA ATMOSFERYCZNE - Statystyki

Ogólne statystyki
  • Ten quiz został rozwiązany 12 razy
  • Średni wynik to 3 z 10
Statystyki odpowiedzi
Odpowiedź % Poprawnych
Burza
82%
Grad
73%
Śnieg
73%
Tęcza
45%
Zorza
45%
Huragan
27%
Chmura znad Czarnobyla
0%
Grzyb atomowy
0%
Kwaśny deszcz
0%
Smog
0%
Nie znaleziono quizów pasujących do podanych kryteriów
Rozkład punktacji
Procent ludzi z każdym wynikiem
Percentyl według liczby udzielonych odpowiedzi
Twoja historia wyników
Nie rozwiązałeś tego quizu